Business Intelligence : estrategias para una implementación exitosa /

Contenido: 1) Inteligencia de negocios desde la perspectiva del negocio; 2) Parloteo tecnológico: componentes de una arquitectura para inteligencia de negocios. 3) Interfaz de inteligencia de negocios; 4. Medidas para el éxito; 5) El efecto LOFT; 6) Apoyo ejecutivo; 7) I es para información; 8) Soci...

Descripción completa

Guardado en:
Detalles Bibliográficos
Autor principal: Howson, Cindi (autor)
Formato: Libro
Idioma:Español
Publicado: México : McGraw-Hill, 2009, c2009
Temas:
Etiquetas: Agrega una etiqueta

MARC

LEADER 00000nam^a2200000^a^4500
001 000295882
005 20250521000000.0
009 20260310112251.794
020 |a 978-970-10-6759-8 
020 |a 970-10-6759-2 
037 |a Acervo ITESO - Biblioteca 
041 |a ESP 
082 |a 658. 00285  |b HOW 
100 |a Howson, Cindi  |e (autor) 
245 1 0 |a Business Intelligence :  |b estrategias para una implementación exitosa /  |c C. Howson ; tr. por María José Girault Facha. 
264 4 |a México :  |b McGraw-Hill,  |c 2009, c2009 
300 |a XII, 244 p. 
336 |a texto  |b txt  |2 rdacontenido 
337 |a sin mediación  |b n  |2 rdamedio 
338 |a volumen  |b nc  |2 rdasoporte 
500 |a Traducción de: Successful Business Intelligence: Secrets to Making BI a Killer App 
520 |a Contenido: 1) Inteligencia de negocios desde la perspectiva del negocio; 2) Parloteo tecnológico: componentes de una arquitectura para inteligencia de negocios. 3) Interfaz de inteligencia de negocios; 4. Medidas para el éxito; 5) El efecto LOFT; 6) Apoyo ejecutivo; 7) I es para información; 8) Sociedad negocio-IT; 9) Relevancia; 10) Desarrollo ágil; 11) Organizar para el éxito; 12) La herramienta BI indicada para el usuario indicado; 13) Otros secretos para el éxito; 14) El futuro de la inteligencia de negocios. Apéndices. 
649 |a XX 
650 |a Inteligencia de Negocios -  |x Tema Principal 
650 |a Estrategia en los Negocios 
650 |a Información -  |x Administración 
650 |a Sistemas de Información -  |x Administración 
650 |a Proceso Administrativo -  |x Dirección 
650 |a Ciencias Administrativas 
910 |a Fondo General 
920 |a Impresos - Libros 
930 |a Colección General 
905 |a 101 
901 |a 0500181595  |b IT1  |c ACC  |i C120161  |u 20250521 
902 |a https://opac.biblio.iteso.mx/vufind/Record/000295882